|
|
|
|
| LEADER |
01089naa a2200217 i 4500 |
| 001 |
acta77757 |
| 005 |
20221209100623.0 |
| 008 |
221209s2020 hu o 1|| hun d |
| 020 |
|
|
|a 978-615-00-9451-9
|
| 040 |
|
|
|a SZTE Egyetemi Kiadványok Repozitórium
|b hun
|
| 041 |
|
|
|a hun
|
| 100 |
2 |
|
|a Z. Karvalics László
|
| 245 |
1 |
2 |
|a A pilótafülkétől a kórházi ágyig
|h [elektronikus dokumentum] :
|b a "csekklista" forradalma a 19-20. /
|c Z. Karvalics László
|
| 260 |
|
|
|a Primaware
|b Szeged
|c 2020
|
| 300 |
|
|
|a 20
|
| 490 |
0 |
|
|a A Szegedi Információtörténeti Műhely konferenciájának előadásai
|v 9
|
| 650 |
|
4 |
|a Bölcsészettudományok
|
| 650 |
|
4 |
|a Történettudomány és régészet
|
| 695 |
|
|
|a Adattárolás története - előadáskivonat, Információgyűjtés - előadáskivonat, Adatkultúra - előadáskivonat, Információtörténet - előadáskivonat
|
| 711 |
|
|
|a A lista mámora, avagy az adatkultúra története : az információgyűjtéstől a felhasználásig
|c Szeged
|d 2020. október 14.
|
| 856 |
4 |
0 |
|u http://acta.bibl.u-szeged.hu/77757/1/szim_009_020.pdf
|z Dokumentum-elérés
|